000 01164nam a22002657a 4500
003 OSt
005 20250328154927.0
008 240904b ||||| |||| 00| 0 eng d
040 _c0
082 _aDPer 621.317 Ie21 December 2022 v.37 n. 12 part 1&2.
100 _aLiu, Jiang.
_eauthor.
_960173
245 _aStrong adaptability control based on dual-division-summation current control for an lcl-type grid-connected inverter /
_cJiang Liu, Xiangdong Sun, Biying Ren, Weizhang Song, and Patrick Wheeler.
260 _aNew York ;
_bThe Institute of Electrical and Electronics Engineers, Inc.,
_cDecember 2022.
300 _avolume 37, pages 14157-14172,
_billustration.
500 _aIEEE Transactions on Power Electronics, v. 37 n. 12, pages 14157-14172, December 2022.
650 0 _aDC AC power converters.
_966008
650 0 _aelectric current control.
_966009
650 0 _astability criteria.
_966010
700 _aLiu, Jiang.
_eauthor.
_960173
700 _aSun, Xiangdong.
_eauthor.
_960174
700 _aRen, Biying
_eauthor.
_960175
700 _aSong, Weizhang.
_eauthor.
_960176
700 _aWheeler, Patrick.
_eauthor.
_960177
942 _2ddc
_cPER
999 _c21309
_d21309